Encyclopedie de la Suisse actuella

Bewaard in:
Bibliografische gegevens
Formaat: Boek
Taal:Undetermined
Gepubliceerd in: Editons Mondo
Tags: Voeg label toe
Geen labels, Wees de eerste die dit record labelt!
Thư viện lưu trữ: Trung tâm Học liệu Trường Đại học Cần Thơ
LEADER 00331nam a2200121Ia 4500
001 CTU_104874
008 210402s9999 xx 000 0 und d
082 |a 949.4 
082 |b E56 
245 0 |a Encyclopedie de la Suisse actuella 
260 |b Editons Mondo 
904 |i M.Loan 
980 |a Trung tâm Học liệu Trường Đại học Cần Thơ